Normal view
MARC view
Entry Personal Name
001 - CONTROL NUMBER
- control field: 28583
003 - CONTROL NUMBER IDENTIFIER
- control field: ARRUPE
005 - DATE AND TIME OF LATEST TRANSACTION
- control field: 20170207160159.0
008 - FIXED-LENGTH DATA ELEMENTS
- fixed length control field: 170207|| aca||aabn | a|a d
040 ## - CATALOGING SOURCE
- Original cataloging agency: ARRUPE
- Transcribing agency: ARRUPE
100 ## - HEADING--PERSONAL NAME
- Personal name: Hovey, Gail,
- Dates associated with a name: 1940-
670 ## - SOURCE DATA FOUND
- Source citation: Work cat.: (ARRUPE)0: Hovey, Gail, 1940-, Namibia's stolen wealth :, c1982.